| 000 | 00425nam a2200181Ia 4500 | ||
|---|---|---|---|
| 005 | 20251020182536.0 | ||
| 008 | 200515s9999 xx 000 0 und d | ||
| 082 | _a72.069.4/M79/t. 1 | ||
| 100 | _aMOORE, Fuller | ||
| 245 | 0 | _aEl arte de la maqueta arquitectónica | |
| 260 | _aMéxico, D.F. | ||
| 260 | _c1990 | ||
| 500 | _a1 ejemplar | ||
| 650 | _aARQUITECTURA | ||
| 650 | _aLIB | ||
| 650 | _aMAQUETAS | ||
| 942 | _cLIB | ||
| 999 |
_c2237 _d2237 |
||